Autokennzeichen Quiz #2 - Statistiken

Allgemein
  • Dieses Quiz wurde 170 mal gespielt
  • Das Durchschnittsergebnis liegt bei 10 aus 15
Antwortstatistiken
# Stadt Bundesland % Korrekt
DD Dresden Sachsen
95%
J Jena Thüringen
91%
TR Trier Rheinland-Pfalz
90%
FL Flensburg Schleswig-Holstein
88%
KA Karlsruhe Baden-Württemberg
88%
PB Paderborn Nordrhein-Westfalen
82%
HD Heidelberg Baden-Württemberg
76%
BA Bamberg Bayern
70%
PL Plauen Sachsen
70%
RE Recklinghausen Nordrhein-Westfalen
63%
RÜD Rüdesheim Hessen
60%
AB Aschaffenburg Bayern
56%
NK Neunkirchen Saarland
50%
FN Friedrichshafen Baden-Württemberg
34%
PRÜ Prüm Rheinland-Pfalz
33%
Keine übereinstimmenden Quizze gefunden
Verteilung der Resultate
Anzahl Personen mit jedem Resultat
Perzentil nach korrekt beantworteten Fragen
Ihre Resultats-Entwicklung
Sie haben dieses Quiz noch nicht gespielt